Responses for Show #8723 - Wednesday, October 19, 2022

2022 Second Chance competition week 1, semifinal game 3.

Contestants

[<< previous game]

Pam Schoenberg, a dentist and entrepreneur from South Salem, New York

Renée Russell, a branch office administrator from Baltimore, Maryland

James Fraser, a naval aviator from Newport Beach, California

[next game >>]

Jeopardy! Round responses

A PLACE IN HISTORY
TV
WRITERS' MIDDLE NAMES
HOLIDAYS & OBSERVANCES
HOME COMPUTING
DEVOURING EATING IDIOMS
    $200 27
Fort McHenry

Renée
    $200 19
Twin Peaks

Renée
    $200 26
Fenimore

James
    $200 28
Groundhog Day

Pam
    $200 30
a computer monitor

James
    $200 29
the hog

Pam
    $400 14
Independence Hall

Pam
    $400 18
(Ken: Kamala Khan is [*].)

Ms. Marvel

Triple Stumper
    $400 20
Bysshe

Pam
    $400 17
the Wright brothers

James
    $400 24
ethernet

Pam
    $400 9
dust

James
    $600 13
the Bastille

James
    $600 12
(Ken: That's the great actor, [*].)

Andre Braugher

Triple Stumper
    $600 16
Maud

Pam
    $600 15
the Holocaust

Pam
    $600 23
Twitch

James
    $600 10
house & home

Renée
    $800 6
Stonehenge

Pam
    $800 7
The Terminal List

James
    $800 25
(Ken: Also Goodnight Moon, that's Margaret [*] Brown.)

Wise

Triple Stumper
    $800 5
Boston

James
    $800 8
printers

Renée
    $800 11
(Renée: What is eat your hat?)

eat crow

JamesRenée
    $1000 3
the Battle of Bosworth Field

James
    $1000 4
Freaks and Geeks

James
    $1000 21
Carol

Pam
    $1,000 1
(Ken: [Reacting to James' first pick and finding a Daily Double] Wow, our aviator does not miss.)
...
(James: What is [*]'s Day?)

William Seward

James
    $1000 2
a virtual private network

Triple Stumper
    $1000 22
(Ken: Yes, that's a Chilean straw [*]...)

a hat

James

Scores at the first commercial break (after clue 15):

James Renée Pam
$6,400 $600 $1,800

Scores at the end of the Jeopardy! Round:

James Renée Pam
$8,800 $1,000 $4,600

Double Jeopardy! Round responses

WHAT A BUTTE!
THE PARENT COMPANY
SCIENCE & NATURE
ADJECTIVES
FAITH, HOPE & CHARITY
SECOND CHANCE SONGS
    $400 18
(Ken: For all the copper, that's right.)

Montana

Pam
    $400 12
Smucker's

Renée
    $400 23
a pesticide

Pam
    $400 15
chronic

Renée
    $400 30
the Salvation Army

Renée
    $400 16
"Hello"

Renée
    $800 28
(Renée: What is Utah?)

Colorado

RenéePam
    $800 13
Disney

James
    $800 22
the crocodile

Triple Stumper
    $800 11
impeccable

James
    $800 29
(James: Who is... George...)

George Michael

JamesPam
    $800 7
The Jackson 5

Pam
    $1200 2
a ponderosa

James
    $1200 14
the Gap

James
    $1200 21
leprosy

Pam
    $1200 8
exponential

Renée
    $1200 1
breathe

Pam
    $1200 4
Justin Bieber

Renée
    $3,699 3
(Ken: [James' first pick of the round being a Daily Double] Once again, unerring aim.)
(James: Uh, let’s do… $3,699.)
(Ken: That’s exactly what I thought you were gonna say! That’s so weird.)
[Audience laughter]

(James: What is [*]?)
(Ken: That’s correct, and you now have some amount that’s hard to say.)

Devils Tower

James
    $1600 17
Hilton

James
    $1600 20
a barn owl

Pam
    $1600 9
colloquial

Triple Stumper
    $1600 24
The Iceman Cometh

Pam
    $1600 5
un-break

James
    $2000 26
Sutter

James
    $2000 27
Kimberly-Clark

Triple Stumper
    $2000 19
(Renée: What is scandinavium?)
...
(Ken: Yes, Renée had the right peninsula, wrong element.)

scandium

RenéePam
    $5,000 10
(Renée: What is... I don't know.)

preposterous

Renée
    $2000 25
Kierkegaard

Triple Stumper
    $2000 6
"Back To December"

Renée

Scores at the end of the Double Jeopardy! Round:

James Renée Pam
$20,899 -$800 $15,400

[wagering suggestions for these scores]

Final Jeopardy! Round responses

AMERICAN HISTORY
(Ken: [To James] The treaty negotiating independence with Great Britain.)
PamWhat is Philadelphia
$5,500
JamesWhat is Paris?
$10,902
Paris

Final scores:

James Renée Pam
$31,801 -$800 $9,900
Finalist 3rd place: $1,000 2nd place: $2,000

Game dynamics:

Coryat scores:

James Renée Pam
$18,800 $4,200 $15,400
21 R
(including 2 DDs),
1 W
11 R,
4 W
(including 1 DD)
19 R,
0 W

Combined Coryat: $38,400

[game clues] [game scores] [suggest correction]

Game tape date: 2022-09-14
The J! Archive is created by fans, for fans. Scraping, republication, monetization, and malicious use prohibited; this site may use cookies and collect identifying information. See terms. The Jeopardy! game show and all elements thereof, including but not limited to copyright and trademark thereto, are the property of Jeopardy Productions, Inc. and are protected under law. This website is not affiliated with, sponsored by, or operated by Jeopardy Productions, Inc. Join the discussion at JBoard.tv.